| 000 | 00763nam a2200253 a 4500 | ||
|---|---|---|---|
| 001 | 19260 | ||
| 003 | BD-RjUL | ||
| 005 | 20211209000416.0 | ||
| 008 | 140223s1949 enk 000 1 eng|d | ||
| 035 | _a(Uk)015766583 | ||
| 035 | _a(StEdALDL)1/2569517 | ||
| 035 |
_a(OCoLC)732601546 _a(BD-RjUL)19318 |
||
| 040 |
_aStDuBDS _beng _cStDuBDS _dBD-RjUL |
||
| 041 | _aeng | ||
| 082 | 0 | 4 |
_a813.52 _222 _bWEG 1949 |
| 100 | 1 |
_aWelty, Eudora. _d1909-2001. _959249 |
|
| 245 | 1 | 4 |
_aThe golden apples / _cEudora Welty. |
| 260 |
_aNew York : _bA harvest book, _cc1949. |
||
| 300 |
_a277 p. ; _c20 cm. |
||
| 490 | 1 | _aModern classics | |
| 651 | 0 |
_aMontana _xSocial life and customs _y20th century _vFiction. _959250 |
|
| 830 | 0 |
_aPenguin modern classics _959256 |
|
| 942 |
_2ddc _cBK |
||
| 999 |
_c19260 _d19260 |
||